Historia de Michoacán : (Record no. 28249)

MARC details
000 -CABECERA
campo de control de longitud fija 00935nam a2200253 a 4500
003 - IDENTIFICADOR DEL NÚMERO DE CONTROL
campo de control MX-MxUPN
005 - FECHA Y HORA DE LA ÚLTIMA TRANSACCIÓN
campo de control 20240426063705.0
008 - ELEMENTOS DE LONGITUD FIJA--INFORMACIÓN GENERAL
campo de control de longitud fija 991125s1941 mx a r 000 0 spa d
035 ## - NÚMERO DE CONTROL DEL SISTEMA
Número de control de sistema UPN01000028249
040 ## - FUENTE DE LA CATALOGACIÓN
Centro catalogador/agencia de origen MX-MxUPN
Lengua de catalogación spa
Centro/agencia transcriptor MX-MxUPN
041 0# - CÓDIGO DE IDIOMA
Código de lengua del texto/banda sonora o título independiente spa
049 ## - COLECCIÓN
Colección LT
050 #4 - SIGNATURA TOPOGRÁFICA DE LA BIBLIOTECA DEL CONGRESO
Número de clasificación LB1572 M6
Número de documento/Ítem R6.3
100 1# - ASIENTO PRINCIPAL--NOMBRE PERSONAL
Nombre de persona Romero Flores, Jesús,
Fechas asociadas al nombre 1885-1987
9 (RLIN) 29429
245 10 - MENCIÓN DE TÍTULO
Título Historia de Michoacán :
Resto del título para uso de las escuelas primarias /
Mención de responsabilidad, etc. Jesús Romero Flores
260 ## - PUBLICACIÓN, DISTRIBUCIÓN, ETC.
Lugar de publicación, distribución, etc. México, D.F. :
Nombre del editor, distribuidor, etc. El Nacional,
Fecha de publicación, distribución, etc. 1941
300 ## - DESCRIPCIÓN FÍSICA
Extensión 244 p. :
Otras características físicas il
490 0# - MENCIÓN DE SERIE
Mención de serie Biblioteca del maestro
586 ## - NOTA DE PREMIOS
Nota de premios "Obra premiada en el Gran Concurso Nacional para la redacción de textos elementales de historia y geograía, convocada por la Secretaría de Educación Pública y El Nacional"--portada.
651 #4 - ASIENTO SECUNDARIO DE MATERIA - NOMBRE GEOGRAFICO
Nombre geográfico Michoacán
Subdivisión general Historia
-- Estudio y enseñanza (Elemental)
9 (RLIN) 44972
904 ## - ELEMENTOS DE DATOS D LOCAL, LDD (RLIN)
a AC
b 028250
905 ## - TIPO DE MATERIAL
Tipo de material Libro
942 ## - ELEMENTOS DE PUNTO DE ACCESO ADICIONAL (KOHA)
Fuente del sistema de clasificación o colocación Library of Congress Classification
Tipo de ítem Koha Libro
Holdings
Estado de retiro Estado de pérdida Fuente del sistema de clasificación o colocación Estado dañado No para préstamo Código de colección Localización permanente Ubicación/localización actual Ubicación en estantería Fecha de adquisición Clasificación Código de barras Fecha visto por última vez Número de copia Tipo de ítem Koha Precio válido a partir de
    Library of Congress Classification   Disponible (Préstamo en sala) Libros de texto Bib. Gregorio Torres Quintero Bib. Gregorio Torres Quintero Colecciones especiales Planta alta 27/04/2022 LB1572 M6 R6.3 44548 31/12/2020 Ej. 2 Libro  
    Library of Congress Classification   Disponible (Préstamo en sala) Libros de texto Bib. Gregorio Torres Quintero Bib. Gregorio Torres Quintero Colecciones especiales Planta alta 27/04/2022 LB1572 M6 R6.3 44545 27/04/2022   Libro 27/04/2022